000 00301nam a2200109 a 4500
005 20201002044919.0
008 140402s1971 000 spa d
100 _aMesonero Romanos, Ramón, de
_971502
245 0 _aEscenas matritenses.
260 _aMadrid -- LLibra,
_c1971 -- 192 p.
999 _c43166
_d43166
040 _aDO-SdBNP